<?xml version="1.0" encoding="UTF-8"?>
<marc:record xmlns:marc="http://www.loc.gov/MARC21/slim">
   <marc:leader>00000nam a2200000 a 4500</marc:leader>
   <marc:datafield ind1="1" ind2=" " tag="100">
      <marc:subfield code="a">Kühn, Martin</marc:subfield>
      <marc:subfield code="4">aut</marc:subfield>
      <marc:subfield code="e">Verfasser/-in</marc:subfield>
   </marc:datafield>
   <marc:datafield ind1="1" ind2=" " tag="100">
      <marc:subfield code="a">Bialek, Julia</marc:subfield>
      <marc:subfield code="4">aut</marc:subfield>
      <marc:subfield code="e">Verfasser/-in</marc:subfield>
   </marc:datafield>
   <marc:datafield ind1=" " ind2=" " tag="653">
      <marc:subfield code="a">Traumapädagogische Praxis u. Forschung</marc:subfield>
   </marc:datafield>
   <marc:datafield ind1=" " ind2=" " tag="653">
      <marc:subfield code="a">Flucht</marc:subfield>
   </marc:datafield>
   <marc:datafield ind1=" " ind2=" " tag="653">
      <marc:subfield code="a">Vertreibung</marc:subfield>
   </marc:datafield>
   <marc:datafield ind1=" " ind2=" " tag="653">
      <marc:subfield code="a">Traumapädagogik</marc:subfield>
   </marc:datafield>
   <marc:datafield ind1="0" ind2="0" tag="245">
      <marc:subfield code="a">Fremd und kein Zuhause</marc:subfield>
   </marc:datafield>
   <marc:datafield ind1="0" ind2="0" tag="245">
      <marc:subfield code="b">Traumapädagogische Arbeit mit Flüchtlingskindern</marc:subfield>
   </marc:datafield>
   <marc:datafield ind1="0" ind2="0" tag="245">
      <marc:subfield code="c">Martin Kühn ; Julia Bialek</marc:subfield>
   </marc:datafield>
   <marc:datafield ind1=" " ind2="1" tag="264">
      <marc:subfield code="a">Göttingen</marc:subfield>
      <marc:subfield code="b">Vandenhoeck &amp; Ruprecht</marc:subfield>
      <marc:subfield code="c">2017</marc:subfield>
   </marc:datafield>
   <marc:datafield ind1="1" ind2=" " tag="520">
      <marc:subfield code="a">Das Buch Fremd und kein Zuhause bietet interessierten PraktikerInnen aus der pädagogischen Arbeit mit Kindern und Jugendlichen im Kontext von Flucht und Vertreibung praktisch nutzbares Wissen zu psychotraumatologischen Grundlagen und traumapädagogischen Handlungsmöglichkeiten. Dabei orientieren sich die Autoren Julia Bialek und Martin Kühn - zwei erfahrene Traumafachberater - an der Pädagogik des Sicheren Ortes, deren Ziel es ist, die Handlungsfähigkeit und Selbstwirksamkeit betroffener Mädchen und Jungen wieder herzustellen.#Interkulturelle Unterschiede und Sprachbarrieren stellen in diesem Zusammenhang eine besondere Herausforderung für die Fachkräfte dar. Zu diesem Zweck werden Möglichkeiten und Methoden zu Kommunikationsaufbau (Wie kann es gelingen eine gemeinsame Sprache zu finden?), Stressreduktion, Stabilisierung und Krisenintervention ebenso wie der wichtige Aspekt der Psychohygiene bzw. Selbstfürsorge für Fachkräfte praxisorientiert dargestellt.</marc:subfield>
   </marc:datafield>
   <marc:datafield ind1=" " ind2=" " tag="020">
      <marc:subfield code="a">9783525701911</marc:subfield>
      <marc:subfield code="9">9783525701911</marc:subfield>
   </marc:datafield>
   <marc:datafield ind1=" " ind2=" " tag="300">
      <marc:subfield code="a">168 Seiten</marc:subfield>
   </marc:datafield>
</marc:record>
